000
00208 a2200097 4500
001
30348
100
_a
Thackeray, W M
245
_a
Henry esmond
260
_a
New york
_b
Dent & sons
_c
090
_c
20300
_d
20300
942
_a
NUST-CAE
_c
M
_c
11449
999
_c
265421
_d
265421